000 00768nam a2200217 a 4500
008 951213s1983||||[C 0 slo c
020 _c40
040 _aSNK
_bslo
_cSNK
_eAACR2
041 1 _aslo
_hslo
044 _a[CS]
080 _a885.4-2
100 1 _aŠtepka, Stanislav
_4aut
245 1 0 _aRadošinské naivné divadlo
_bJánošík. Človečina. Slovenské tango
_cStanislav Štepka ; Svetozár Mydlo, Ivan Kusý
250 _a1., vyd.
260 _aBratislava
_bTatran
_c1983
_eBanská Bystrica
_fTlačiarne SNP
300 _a104 s., 9,79 AH
_c30 cm
500 _aIlustr. na tit. liste, front. a predsádkach. Nepredajné. Prémiová kniha pre členov Hviezdoslavovej knižnice.
700 1 _aMydlo, Svetozár
_4bkd
700 1 _aKusý, Ivan
_4oth
958 _aA
999 _c7434
_d7434